| 000 | 00534nam a2200169Ia 4500 | ||
|---|---|---|---|
| 001 | 51282 | ||
| 008 | 140124n ii |||gr||||Z||||||asm | ||
| 082 | _a891.4141 | ||
| 245 | 0 |
_aSmaranika : Cotton College Sahitya Sabha : _bPart- II / _cBipul Chandra Kalita (Editor) . _hTextual Documents |
|
| 250 | _a1st ed. / | ||
| 260 |
_aGuwahati : _bPrasanta Kumar Mahanta , _c1988. |
||
| 300 |
_a60p. ; _c32 cm.. |
||
| 653 | _aRef- Megazine | ||
| 653 | _aMegazine- Cotton College | ||
| 700 |
_aKalita, Bipul Chandra , _eEditor. |
||
| 942 |
_2ddc _cBK |
||
| 999 |
_c51247 _d51247 |
||